书目信息 |
| 题名: |
建筑经济管理
|
|
| 作者: | 王宝仁 主编 | |
| 分册: | ||
| 出版信息: | 南京 江苏人民出版社 1986 |
|
| 页数: | 603页 | |
| 开本: | 19cm | |
| 丛书名: | ||
| 单 册: | ||
| 中图分类: | F407.9 | |
| 科图分类: | ||
| 主题词: | 建筑经济-经济管理 , 经济管理-建筑经济 | |
| 电子资源: | ||
| ISBN: | ||
| 000 | 00647nam0 2200241 45 | |
| 001 | 0186018034 | |
| 005 | 20060818155220.04 | |
| 010 | @dCNY3.20 | |
| 091 | @aCN@b4100.073 | |
| 100 | @a19950803d1986 em y0chiy0121 ea | |
| 101 | 0 | @achi |
| 102 | @aCN@b320000 | |
| 105 | @af z 000yy | |
| 200 | 10 | @a建筑经济管理@Ajian zhu jing ji guan li@f王宝仁主编 |
| 210 | @a南京@c江苏人民出版社@d1986 | |
| 215 | @a603页@c图表@d19cm | |
| 606 | @a建筑经济-经济管理 | |
| 606 | @a经济管理-建筑经济 | |
| 690 | @aF407.9@v3 | |
| 701 | 0 | @a王宝仁@Awang bao ren@4主编 |
| 801 | 0 | @aCN@bTSSF@c20060818 |
| 801 | 2 | @aCN@bNLC@c20060809 |
| 905 | @a10447@dF407.9@e118 | |
| 建筑经济管理/王宝仁主编.-南京:江苏人民出版社,1986 |
| 603页:图表;19cm |
| ISBN :CNY3.20 |
| ● |
| 相关链接 |
|
|
|
|
正题名:建筑经济管理
索取号:F407.9/118
 
预约/预借
| 序号 | 登录号 | 条形码 | 馆藏地/架位号 | 状态 | 备注 |
| 1 | 0447732 | 204477324 | 密集书库/ [索取号:F407.9/118] | 在馆 | |
| 2 | 0447733 | 204477333 | 密集书库/ [索取号:F407.9/118] | 在馆 | |
| 3 | 0447734 | 204477342 | 密集书库/ [索取号:F407.9/118] | 在馆 | |
| 4 | 0447735 | 204477351 | 密集书库/ [索取号:F407.9/118] | 在馆 | |
| 5 | 0469209 | 204692092 | 密集书库/ [索取号:F407.9/118] | 在馆 |